000 00418nam a2200181Ia 4500
001 1921
005 20260306143804.0
008 260306t2011||||xx |||||||||||||| ||spa||
041 _aESP
082 _a158.1
_bP77
100 _aPonti, Franc, 1961-
_eAUT
245 0 _aSi funciona, ¡cambialo!
260 _c2011
300 _a283 páginas :
_c23 cm.
650 _aGEN
654 _aCPS
942 _cLIB
_dJUS
_fJUS
_2ddc
_n
999 _c1921
_d1921